00302nam a2200109Ia 4500008004100000020001800041100002500059245004900084250001600133260002900149300001400178171211s9999 xx 000 0 und d a9789746522595 aHarmening, Denise M. aModern Blood Banking & Transfusion Practices a6th Edition bF.A. Davis Companyc2012 a648 pages